[Event "Osijek op 10th"]
[Site "Osijek"]
[Date "2017.02.25"]
[Round "6"]
[White "Rendulic, Dragan"]
[Black "Kovac, Petar"]
[Result "1-0"]
[WhiteElo "1742"]
[BlackElo "1409"]
[PlyCount "93"]
[EventDate "2017.02.23"]
[EventType "swiss"]
[EventRounds "7"]
[EventCountry "CRO"]
[SourceTitle "EXT 2019"]
[Source "ChessBase"]
[SourceDate "2018.10.10"]
[SourceVersion "1"]
[SourceVersionDate "2018.10.10"]
[SourceQuality "1"]

1. d4 d5 2. Nf3 e6 3. c4 c6 4. Nc3 Nf6 5. Bg5 Nbd7 6. e3 Be7 7. a3 b6 8. b4 Bb7 9. Bd3 0-0 10. 0-0 a5 11. c5 axb4 12. axb4 Qc8 13. Qc2 h6 14. Bh4 Ba6 15. Ne5 Bxd3 16. Qxd3 Re8 17. Bg3 Qb7 18. h3 Nxe5 19. Bxe5 Nd7 20. Bh2 e5 21. Bxe5 Nxe5 22. dxe5 bxc5 23. b5 Red8 24. bxc6 Qxc6 25. Rfd1 d4 26. exd4 cxd4 27. Nb5 Rxa1 28. Rxa1 Rd5 29. Rb1 g6 30. Qe4 Qc4 31. Nc3 Rd7 32. Nb5 Qd5 33. Qf4 Bg5 34. Qg3 d3 35. Nc3 Qd4 36. Nd1 Qc4 37. Ne3 Bxe3 38. Qxe3 Kh7 39. Qd2 Qc2 40. Rd1 Rb7 41. Qxd3 Qxd3 42. Rxd3 Rb5 43. f4 g5 44. g3 gxf4 45. gxf4 Kg6 46. Kf2 Kf5 47. Kf3 1-0

[Event "Osijek op 10th"]
[Site "Osijek"]
[Date "2017.02.24"]
[Round "3"]
[White "Grguric, Damir"]
[Black "Rendulic, Dragan"]
[Result "1-0"]
[WhiteElo "2001"]
[BlackElo "1742"]
[PlyCount "35"]
[EventDate "2017.02.23"]
[EventType "swiss"]
[EventRounds "7"]
[EventCountry "CRO"]
[SourceTitle "EXT 2019"]
[Source "ChessBase"]
[SourceDate "2018.10.10"]
[SourceVersion "1"]
[SourceVersionDate "2018.10.10"]
[SourceQuality "1"]

1. d4 Nf6 2. Nf3 g6 3. c4 d5 4. Nc3 Bg7 5. e3 0-0 6. Be2 Bf5 7. Qb3 dxc4 8. Bxc4 b6 9. Ng5 e6 10. e4 h6 11. Nxf7 Rxf7 12. exf5 Kh7 13. fxg6+ Kxg6 14. Qc2+ Kh5 15. Qe2+ Ng4 16. Bxe6 Qxd4 17. Bxf7+ Kh4 18. g3+ 1-0

[Event "Osijek op"]
[Site "Osijek"]
[Date "2015.03.06"]
[Round "4"]
[White "Cvijanovic, Srecko"]
[Black "Rendulic, Dragan"]
[Result "1-0"]
[WhiteElo "1800"]
[BlackElo "1612"]
[PlyCount "87"]
[EventDate "2015.03.05"]
[EventType "swiss"]
[EventRounds "7"]
[EventCountry "CRO"]
[SourceTitle "CBM 165 Extra"]
[Source "ChessBase"]
[SourceDate "2015.04.21"]
[SourceVersion "1"]
[SourceVersionDate "2015.04.21"]
[SourceQuality "1"]

1. e4 c5 2. Nf3 Nc6 3. Bb5 e6 4. 0-0 Nge7 5. b3 Ng6 6. Bb2 e5 7. Bxc6 bxc6 8. Nxe5 Qc7 9. Nf3 f6 10. d4 d5 11. exd5 cxd5 12. Re1+ Be7 13. dxc5 Qxc5 14. Ba3 Qc6 15. Bxe7 Nxe7 16. Qe2 Qd6 17. Nc3 Ba6 18. Qe6 Rd8 19. Nxd5 Qxe6 20. Rxe6 Rxd5 21. Rxa6 Rd7 22. Re1 Kf7 23. c4 Rhd8 24. Kf1 Nc8 25. Rae6 Rd1 26. Rxd1 Rxd1+ 27. Re1 Rd6 28. Ke2 Ra6 29. Ra1 Nd6 30. Kd3 Nb7 31. b4 Ra4 32. Kc3 a5 33. b5 Nd6 34. Nd2 Ra3+ 35. Kd4 Ke7 36. b6 Ra4 37. Kd5 Kd7 38. c5 Nf5 39. c6+ Kc8 40. Nb3 Rb4 41. Kc5 Re4 42. Rd1 a4 43. b7+ Kb8 44. Rd8+ 1-0

[Event "Osijek op"]
[Site "Osijek"]
[Date "2015.03.06"]
[Round "3"]
[White "Rendulic, Dragan"]
[Black "Djuric, Milan"]
[Result "0-1"]
[WhiteElo "1612"]
[BlackElo "1955"]
[PlyCount "72"]
[EventDate "2015.03.05"]
[EventType "swiss"]
[EventRounds "7"]
[EventCountry "CRO"]
[SourceTitle "CBM 165 Extra"]
[Source "ChessBase"]
[SourceDate "2015.04.21"]
[SourceVersion "1"]
[SourceVersionDate "2015.04.21"]
[SourceQuality "1"]

1. d4 Nf6 2. c4 g6 3. Nf3 Bg7 4. Nc3 0-0 5. e4 d6 6. Be2 c6 7. 0-0 Nbd7 8. h3 Qc7 9. Bf4 e5 10. dxe5 dxe5 11. Bg3 Ne8 12. Nh4 f5 13. exf5 gxf5 14. Bd3 Nc5 15. Bc2 Qe7 16. f4 e4 17. Re1 Be6 18. b4 Bxc3 19. bxc5 Bf6 20. Qh5 Ng7 21. Qh6 Bxc4 22. Rac1 Bxa2 23. Bf2 Be6 24. g4 Bxh4 25. Bxh4 Qxc5+ 26. Kh2 Qd4 27. Red1 Qb2 28. Kg1 Bd5 29. Bb1 Rae8 30. Rc2 Qb6+ 31. Kh2 Re6 32. Qg5 h6 33. Bf2 hxg5 34. Bxb6 axb6 35. gxf5 Nxf5 36. fxg5 Ne3 0-1